[Event "BCF-chT3N 1617 (4NCL)"]
[Site "England"]
[Date "2017.03.18"]
[Round "7.25"]
[White "English, Ray"]
[Black "Fabri, Henrik"]
[Result "1-0"]
[WhiteElo "1937"]
[BlackElo "1941"]
[PlyCount "77"]
[EventDate "2016.11.26"]
[EventType "team-swiss"]
[EventRounds "11"]
[EventCountry "ENG"]
[SourceTitle "EXT 2019"]
[Source "ChessBase"]
[SourceDate "2018.10.10"]
[SourceVersion "1"]
[SourceVersionDate "2018.10.10"]
[SourceQuality "1"]
[WhiteTeam "3CS Oldham II"]
[BlackTeam "Manx Liberty"]
[WhiteTeamCountry "ENG"]
[BlackTeamCountry "IOM"]

1. e4 Nf6 2. e5 Nd5 3. d4 d6 4. Bc4 Nb6 5. Bb3 dxe5 6. Qh5 e6 7. dxe5 Nc6 8. Nf3 g6 9. Qg4 h5 10. Qe4 Na5 11. Nc3 Bd7 12. Bf4 Bc6 13. Qe2 Nxb3 14. axb3 Bh6 15. Bxh6 Rxh6 16. 0-0 h4 17. Rfd1 Qe7 18. Nd4 Nd7 19. Nxc6 bxc6 20. Qe3 g5 21. Ra2 Rc8 22. Ra4 Rg6 23. Rad4 Nb6 24. Ne4 Nd5 25. Qd2 Kf8 26. c4 f5 27. cxd5 fxe4 28. dxc6 Rg8 29. Qe3 Rg7 30. Qxe4 Kg8 31. Rd7 Qf8 32. Rxg7+ Qxg7 33. Rd7 Qh6 34. h3 Kh8 35. Qd3 Kg8 36. Rd8+ Rxd8 37. Qxd8+ Kf7 38. Qxc7+ Kg6 39. Qd8 1-0

[Event "BCF-chT3 0405 (4NCL)"]
[Site "Telford"]
[Date "2005.05.28"]
[Round "9.4"]
[White "Retallick, Lloyd"]
[Black "English, Ray"]
[Result "1-0"]
[WhiteElo "2115"]
[BlackElo "2070"]
[PlyCount "67"]
[EventDate "2004.11.06"]
[EventType "team"]
[EventRounds "11"]
[EventCountry "ENG"]
[SourceTitle "EXT 2006"]
[Source "ChessBase"]
[SourceDate "2005.11.24"]
[SourceVersion "1"]
[SourceVersionDate "2005.11.24"]
[SourceQuality "1"]
[WhiteTeam "Poisoned Pawns II"]
[BlackTeam "Numerica 3CS II"]
[WhiteTeamCountry "ENG"]
[BlackTeamCountry "ENG"]

1. d4 d5 2. c4 Nc6 3. Nf3 Bg4 4. cxd5 Bxf3 5. dxc6 Bxc6 6. e3 Nf6 7. Nc3 e6 8. Bb5 Qd7 9. Bxc6 Qxc6 10. 0-0 Be7 11. Qe2 Rd8 12. Rd1 0-0 13. e4 Bb4 14. Bg5 Bxc3 15. Bxf6 gxf6 16. bxc3 Kh8 17. Qf3 e5 18. d5 Qd6 19. c4 c5 20. a4 Rg8 21. Rdb1 b6 22. a5 Rd7 23. axb6 axb6 24. Ra6 Rb7 25. Rba1 Rg6 26. h4 h6 27. Ra8+ Kg7 28. Rc8 Rc7 29. Qf5 Rxc8 30. Qxc8 Qf8 31. Qb7 f5 32. Ra8 Qd6 33. Qc8 Rg4 34. h5 1-0

[Event "BCF-chT3 0405 (4NCL)"]
[Site "Telford"]
[Date "2005.01.16"]
[Round "4.2"]
[White "Trevelyan, John"]
[Black "English, Ray"]
[Result "1-0"]
[WhiteElo "2178"]
[BlackElo "2070"]
[PlyCount "73"]
[EventDate "2004.11.06"]
[EventType "team"]
[EventRounds "11"]
[EventCountry "ENG"]
[SourceTitle "EXT 2006"]
[Source "ChessBase"]
[SourceDate "2005.11.24"]
[SourceVersion "1"]
[SourceVersionDate "2005.11.24"]
[SourceQuality "1"]
[WhiteTeam "SW Dragons II"]
[BlackTeam "Numerica 3CS II"]
[WhiteTeamCountry "ENG"]
[BlackTeamCountry "ENG"]

1. d4 Nf6 2. c4 g6 3. Nc3 Bg7 4. e4 d6 5. Be2 0-0 6. Nf3 a6 7. 0-0 Bg4 8. h3 Bxf3 9. Bxf3 Nfd7 10. Be3 c5 11. d5 b5 12. Be2 bxc4 13. Bxc4 Nb6 14. Be2 N8d7 15. f4 Qc7 16. Qd2 Rfb8 17. Rac1 Nc8 18. Bf3 Ra7 19. g4 Rab7 20. b3 Rb4 21. g5 Na7 22. h4 Nb5 23. Nxb5 R4xb5 24. Be2 Rb4 25. Rc4 a5 26. Rfc1 Qd8 27. h5 Ra8 28. h6 Bh8 29. Bg4 Rab8 30. Qd3 a4 31. Rxb4 Rxb4 32. Rc4 Rxc4 33. bxc4 Nf8 34. Bd2 Qb6 35. Qc2 Qa6 36. Bd1 Bd4+ 37. Kg2 1-0

[Event "BCF-chT2 0304 (4NCL)"]
[Site "West Bromwich"]
[Date "2004.05.23"]
[Round "11.5"]
[White "Barrett, Stephen J"]
[Black "English, Ray"]
[Result "0-1"]
[WhiteElo "2146"]
[BlackElo "1920"]
[PlyCount "98"]
[EventDate "2003.11.17"]
[EventType "team"]
[EventRounds "11"]
[EventCountry "ENG"]
[SourceTitle "EXT 2005"]
[Source "ChessBase"]
[SourceDate "2004.11.15"]
[SourceVersion "1"]
[SourceVersionDate "2004.11.15"]
[SourceQuality "1"]
[WhiteTeam "White Rose"]
[BlackTeam "Numerica 3CS II"]
[WhiteTeamCountry "ENG"]
[BlackTeamCountry "ENG"]

1. d4 Nf6 2. c4 c5 3. d5 e5 4. Nc3 d6 5. e4 Be7 6. Bd3 0-0 7. Nf3 Nbd7 8. Qe2 a6 9. a4 Ne8 10. h3 g6 11. Bh6 Ng7 12. g4 Kh8 13. 0-0-0 Nf6 14. Rdg1 Ng8 15. Be3 b5 16. cxb5 axb5 17. Bxb5 f5 18. gxf5 gxf5 19. exf5 Nxf5 20. Nd2 Nf6 21. Bc6 Rb8 22. Nc4 Nd4 23. Bxd4 cxd4 24. Nb5 e4 25. Nxd4 Rb4 26. Nc2 Rb3 27. Rg3 Rxg3 28. fxg3 Rg8 29. g4 Qf8 30. N2e3 Qh6 31. Rh2 Nd7 32. b4 Bf6 33. Nxd6 Ne5 34. Kb1 Qf8 35. Nec4 Nxc4 36. Nxc4 Qxb4+ 37. Nb2 Be5 38. Qd2 Qb6 39. Re2 Ba6 40. Rxe4 Bd3+ 41. Ka2 Bxe4 42. Nc4 Qb1+ 43. Ka3 Bc2 44. Qe3 Qa1+ 45. Kb4 Bd4 46. Qg3 Ra8 47. Na3 Qb2+ 48. Kc4 Be5 49. Qe3 Rb8 0-1

[Event "BCF-chT2 0304 (4NCL)"]
[Site "West Bromwich"]
[Date "2004.05.22"]
[Round "10.3"]
[White "English, Ray"]
[Black "Povah, Nigel Edward"]
[Result "0-1"]
[WhiteElo "1920"]
[BlackElo "2369"]
[PlyCount "100"]
[EventDate "2003.11.17"]
[EventType "team"]
[EventRounds "11"]
[EventCountry "ENG"]
[SourceTitle "EXT 2005"]
[Source "ChessBase"]
[SourceDate "2004.11.15"]
[SourceVersion "1"]
[SourceVersionDate "2004.11.15"]
[SourceQuality "1"]
[WhiteTeam "Numerica 3CS II"]
[BlackTeam "Guildford II"]
[WhiteTeamCountry "ENG"]
[BlackTeamCountry "ENG"]

1. e4 d5 2. Nc3 dxe4 3. Nxe4 Nf6 4. Nxf6+ gxf6 5. Nf3 Bf5 6. d4 Rg8 7. g3 Qd5 8. c3 Nc6 9. Bg2 0-0-0 10. 0-0 Qd7 11. Be3 Bh3 12. b4 Bxg2 13. Kxg2 Qf5 14. Qb1 Qd5 15. Qb3 Qxb3 16. axb3 a6 17. Rfd1 e6 18. Ne1 Ne7 19. Nd3 Nf5 20. Kf3 Nxe3 21. fxe3 f5 22. c4 Be7 23. Ra5 f6 24. Ke2 h5 25. c5 c6 26. Raa1 Kd7 27. Kf3 Rg7 28. Nf4 Rh8 29. Ng2 Bd8 30. Nh4 Kc8 31. Ra2 Rg5 32. Re2 Bc7 33. Ng2 Rhg8 34. Nf4 Kd7 35. Ng2 Ke7 36. Nh4 Rg4 37. e4 fxe4+ 38. Rxe4 Rxe4 39. Kxe4 Rg4+ 40. Kf3 f5 41. Ng2 Re4 42. Nf4 Bxf4 43. gxf4 h4 44. Rd2 Kf6 45. Rd1 Kf7 46. Rd2 Re1 47. Kf2 Rb1 48. Rd3 Rb2+ 49. Kg1 Kg6 50. h3 Re2 0-1

[Event "BCF-chT qual (4NCL)"]
[Site "England"]
[Date "2002.06.02"]
[Round "2"]
[White "Winser, Lewis"]
[Black "English, Ray"]
[Result "1/2-1/2"]
[WhiteElo "1704"]
[BlackElo "1992"]
[PlyCount "45"]
[EventDate "2002.06.??"]
[EventType "team"]
[EventRounds "8"]
[EventCountry "ENG"]
[SourceTitle "EXT 2005"]
[Source "ChessBase"]
[SourceDate "2004.11.15"]
[SourceVersion "1"]
[SourceVersionDate "2004.11.15"]
[SourceQuality "1"]
[WhiteTeam "Athenaeum"]
[BlackTeam "Numerica 3Cs"]
[WhiteTeamCountry "ENG"]
[BlackTeamCountry "ENG"]

1. d4 Nf6 2. Nf3 c5 3. d5 e6 4. dxe6 fxe6 5. c4 d5 6. Bg5 Be7 7. e3 Nc6 8. Nbd2 0-0 9. Bd3 Bd7 10. a3 Be8 11. Qc2 h6 12. Bh4 a6 13. h3 Nd7 14. Bg3 Rc8 15. Bh2 Bf6 16. Bd6 Be7 17. Bxe7 Qxe7 18. g4 Nde5 19. Nxe5 Nxe5 20. Be2 b5 21. cxb5 Bxb5 22. Bxb5 axb5 23. f4 1/2-1/2

[Event "BCF-chT qual (4NCL)"]
[Site "England"]
[Date "2002.06.01"]
[Round "1"]
[White "Sharp, Peter"]
[Black "English, Ray"]
[Result "1-0"]
[WhiteElo "2104"]
[BlackElo "1992"]
[PlyCount "61"]
[EventDate "2002.06.??"]
[EventType "team"]
[EventRounds "8"]
[EventCountry "ENG"]
[SourceTitle "EXT 2005"]
[Source "ChessBase"]
[SourceDate "2004.11.15"]
[SourceVersion "1"]
[SourceVersionDate "2004.11.15"]
[SourceQuality "1"]
[WhiteTeam "Guildford"]
[BlackTeam "Numerica 3Cs"]
[WhiteTeamCountry "ENG"]
[BlackTeamCountry "ENG"]

1. d4 Nf6 2. c4 c5 3. d5 e5 4. Nc3 d6 5. e4 Be7 6. Be2 Nbd7 7. Nf3 0-0 8. 0-0 Ne8 9. a3 g6 10. Bh6 Ng7 11. Qd2 Kh8 12. Ne1 Nf6 13. Nd3 Ng8 14. Be3 f5 15. f4 exf4 16. Bxf4 g5 17. Be3 f4 18. Bf2 Nf6 19. b4 b6 20. bxc5 bxc5 21. e5 dxe5 22. Nxe5 Bd6 23. Nd3 Bf5 24. Nxc5 Qe7 25. Nd3 Bxa3 26. c5 Bxd3 27. Rxa3 Bf5 28. Re1 Rac8 29. Ba6 Qd8 30. Bxc8 Qxc8 31. Rxa7 1-0